000 00510nam a2200193 a 4500
001 2018
003 CO-ViMGA
008 141112s2004 ck r 000 u spa d
040 _aCO-ViMGA
_bspa
_cCO-ViMGA
082 0 4 _a133.3239 D326
100 1 _aDecoufle, Andre Clement
_950703
245 1 0 _aLa prospectiva /
_cAndre Clement Decoufle
260 _aBarcelona :
_bOikos - Tau,
_c1974
300 _a120 p
490 _a¿Que se?, 103
650 1 4 _aADIVINACION
650 1 4 _aPREDICCION
_950705
942 _2ddc
_cBK
999 _c14169
_d14169